[Event "Kings Place Rapidplay"]
[Site "London"]
[Date "2017.07.08"]
[Round "1.1"]
[White "Tozer, Philip A A"]
[Black "Howell, David W L"]
[Result "0-1"]
[BlackElo "2690"]
[WhiteElo "2048"]
[LiveChessVersion "1.4.6"]
[EventDate "2017.07.08"]
[EventType "swiss"]
[EventRounds "6"]
[EventCountry "ENG"]

1. c4 {[%clk 0:25:09]} b6 {[%clk 0:24:17]} 2. Nc3 {[%clk 0:25:07]} Bb7
{[%clk 0:24:15]} 3. e4 {[%clk 0:24:30]} c5 {[%clk 0:21:40]} 4. g3
{[%clk 0:23:11]} Nc6 {[%clk 0:20:55]} 5. Bg2 {[%clk 0:22:45]} g6 {[%clk 0:20:37]}
6. Nge2 {[%clk 0:22:36]} Bg7 {[%clk 0:20:39]} 7. O-O {[%clk 0:22:10]} d6
{[%clk 0:15:11]} 8. d3 {[%clk 0:21:28]} e6 {[%clk 0:14:30]} 9. Be3
{[%clk 0:20:07]} Nd4 {[%clk 0:14:32]} 10. Qd2 {[%clk 0:18:25]} h5
{[%clk 0:12:14]} 11. Bg5 {[%clk 0:16:11]} Qd7 {[%clk 0:10:05]} 12. Rae1
{[%clk 0:11:13]} Ne7 {[%clk 0:09:28]} 13. Qc1 {[%clk 0:10:08]} Nec6
{[%clk 0:07:52]} 14. Nxd4 {[%clk 0:09:41]} Nxd4 {[%clk 0:07:06]} 15. Ne2
{[%clk 0:08:50]} Nc6 {[%clk 0:07:07]} 16. Rd1 {[%clk 0:07:35]} Rc8
{[%clk 0:06:27]} 17. Be3 {[%clk 0:06:16]} b5 {[%clk 0:04:51]} 18. f4
{[%clk 0:05:44]} h4 {[%clk 0:04:20]} 19. Qd2 {[%clk 0:04:49]} hxg3
{[%clk 0:04:04]} 20. hxg3 {[%clk 0:04:53]} Nd4 {[%clk 0:04:02]} 21. b4
{[%clk 0:02:34]} Nxe2+ {[%clk 0:03:38]} 22. Qxe2 {[%clk 0:02:38]} cxb4
{[%clk 0:03:41]} 23. cxb5 {[%clk 0:01:51]} Qxb5 {[%clk 0:03:19]} 24. Qf2
{[%clk 0:01:43]} a5 {[%clk 0:02:41]} 25. f5 {[%clk 0:01:25]} gxf5
{[%clk 0:02:22]} 26. exf5 {[%clk 0:01:18]} Bxg2 {[%clk 0:02:23]} 27. fxe6
{[%clk 0:01:19]} Rh1+ {[%clk 0:01:53]} 28. Kxg2 {[%clk 0:01:22]} Qd5+
{[%clk 0:01:57]} 29. Qf3 {[%clk 0:01:22]} Qxf3+ {[%clk 0:01:58]} 30. Kxf3
{[%clk 0:01:22]} Rxf1+ {[%clk 0:02:02]} 31. Rxf1 {[%clk 0:01:26]} fxe6
{[%clk 0:02:05]} 32. Rf2 {[%clk 0:00:45]} Rc3 {[%clk 0:01:49]} 33. Rd2
{[%clk 0:00:42]} a4 {[%clk 0:01:29]} 34. Ke2 {[%clk 0:00:18]} a3 {[%clk 0:01:06]}
35. d4 {[%clk 0:00:14]} Rxe3+ {[%clk 0:01:05]} 0-1

[Event "Kings Place Rapidplay"]
[Site "London"]
[Date "2017.07.08"]
[Round "1.2"]
[White "McShane, Luke J"]
[Black "Davison, Chris"]
[Result "1-0"]
[BlackElo "2047"]
[WhiteElo "2686"]
[LiveChessVersion "1.4.6"]
[EventDate "2017.07.08"]
[EventType "swiss"]
[EventRounds "6"]
[EventCountry "ENG"]

1. e4 {[%clk 0:25:04]} e5 {[%clk 0:25:09]} 2. Nf3 {[%clk 0:25:07]} Nc6
{[%clk 0:25:12]} 3. Bb5 {[%clk 0:25:10]} a6 {[%clk 0:25:16]} 4. Ba4
{[%clk 0:25:13]} Nf6 {[%clk 0:25:17]} 5. O-O {[%clk 0:25:14]} Be7
{[%clk 0:25:21]} 6. Re1 {[%clk 0:25:03]} b5 {[%clk 0:25:23]} 7. Bb3
{[%clk 0:25:06]} d6 {[%clk 0:25:26]} 8. c3 {[%clk 0:25:09]} O-O {[%clk 0:25:29]}
9. h3 {[%clk 0:25:12]} Nb8 {[%clk 0:25:32]} 10. d4 {[%clk 0:25:15]} Nbd7
{[%clk 0:25:36]} 11. Nbd2 {[%clk 0:25:17]} Bb7 {[%clk 0:25:39]} 12. Bc2
{[%clk 0:25:18]} Re8 {[%clk 0:25:31]} 13. Nf1 {[%clk 0:25:20]} Bf8
{[%clk 0:25:34]} 14. Ng3 {[%clk 0:25:23]} g6 {[%clk 0:25:37]} 15. a4
{[%clk 0:24:56]} c5 {[%clk 0:24:46]} 16. d5 {[%clk 0:24:53]} c4 {[%clk 0:24:44]}
17. Bg5 {[%clk 0:24:47]} h6 {[%clk 0:24:45]} 18. Be3 {[%clk 0:24:50]} Bg7
{[%clk 0:22:58]} 19. Qd2 {[%clk 0:24:39]} Kh7 {[%clk 0:23:00]} 20. Ra3
{[%clk 0:24:37]} Qc7 {[%clk 0:19:34]} 21. Rea1 {[%clk 0:24:34]} Nc5
{[%clk 0:18:07]} 22. Qd1 {[%clk 0:24:18]} Nfd7 {[%clk 0:16:12]} 23. R1a2
{[%clk 0:20:22]} Nb6 {[%clk 0:15:39]} 24. axb5 {[%clk 0:20:04]} axb5
{[%clk 0:15:39]} 25. Qa1 {[%clk 0:20:03]} Rxa3 {[%clk 0:14:51]} 26. Rxa3
{[%clk 0:20:06]} Ra8 {[%clk 0:13:34]} 27. Rxa8 {[%clk 0:18:07]} Nxa8
{[%clk 0:13:05]} 28. Qa7 {[%clk 0:18:06]} Nd7 {[%clk 0:10:40]} 29. Nf1
{[%clk 0:16:36]} Ndb6 {[%clk 0:10:07]} 30. N1d2 {[%clk 0:16:12]} Nc8
{[%clk 0:09:45]} 31. Qa3 {[%clk 0:16:15]} Bf6 {[%clk 0:08:03]} 32. Nb1
{[%clk 0:14:12]} Bd8 {[%clk 0:07:33]} 33. Qb4 {[%clk 0:13:42]} Qa5
{[%clk 0:07:15]} 34. Na3 {[%clk 0:13:40]} Qxb4 {[%clk 0:06:45]} 35. cxb4
{[%clk 0:13:44]} Ba6 {[%clk 0:06:24]} 36. Nd2 {[%clk 0:11:16]} Bb6
{[%clk 0:04:12]} 37. Bxb6 {[%clk 0:11:19]} Naxb6 {[%clk 0:04:08]} 38. Ndb1
{[%clk 0:10:51]} Na7 {[%clk 0:03:47]} 39. Nc3 {[%clk 0:10:54]} Kg7
{[%clk 0:03:32]} 40. g3 {[%clk 0:10:15]} Kf6 {[%clk 0:02:24]} 41. Kg2
{[%clk 0:10:07]} h5 {[%clk 0:01:57]} 42. b3 {[%clk 0:08:55]} Ke7 {[%clk 0:01:17]}
43. bxc4 {[%clk 0:07:49]} Nxc4 {[%clk 0:00:46]} 44. Nxc4 {[%clk 0:07:53]} bxc4
{[%clk 0:00:50]} 45. Ba4 {[%clk 0:07:56]} Bc8 {[%clk 0:00:24]} 46. Bc6
{[%clk 0:04:11]} Kd8 {[%clk 0:00:18]} 47. b5 {[%clk 0:03:31]} Kc7
{[%clk 0:00:15]} 48. Na4 {[%clk 0:02:11]} Nxc6 {[%clk 0:00:14]} 49. bxc6
{[%clk 0:02:06]} Ba6 {[%clk 0:00:14]} 50. h4 {[%clk 0:01:48]} f5 {[%clk 0:00:09]}
51. f3 {[%clk 0:01:21]} Bb5 {[%clk 0:00:13]} 52. Nc3 {[%clk 0:01:24]} Ba6
{[%clk 0:00:17]} 53. Kf2 {[%clk 0:01:26]} Kb6 {[%clk 0:00:18]} 54. Ke3
{[%clk 0:00:59]} Kc5 {[%clk 0:00:20]} 55. Ne2 {[%clk 0:01:03]} fxe4
{[%clk 0:00:18]} 56. fxe4 {[%clk 0:01:05]} Kb4 {[%clk 0:00:19]} 57. Kd2
{[%clk 0:01:06]} Kb3 {[%clk 0:00:11]} 58. Nc3 {[%clk 0:00:56]} Kb4
{[%clk 0:00:15]} 59. Kc2 {[%clk 0:00:57]} Kc5 {[%clk 0:00:18]} 60. Ne2
{[%clk 0:00:55]} Kb6 {[%clk 0:00:16]} 61. Kc3 {[%clk 0:00:58]} Kc5
{[%clk 0:00:21]} 62. Ng1 {[%clk 0:00:51]} Bc8 {[%clk 0:00:22]} 63. Nf3
{[%clk 0:00:53]} Ba6 {[%clk 0:00:21]} 64. Ng5 {[%clk 0:00:55]} Bc8
{[%clk 0:00:23]} 65. Nh7 {[%clk 0:00:34]} Ba6 {[%clk 0:00:26]} 66. Nf8
{[%clk 0:00:38]} Kb6 {[%clk 0:00:25]} 67. Nxg6 {[%clk 0:00:41]} Bc8
{[%clk 0:00:28]} 68. Kxc4 {[%clk 0:00:43]} Bh3 {[%clk 0:00:32]} 69. Kd3
{[%clk 0:00:43]} 1-0

[Event "Kings Place Rapidplay"]
[Site "London"]
[Date "2017.07.08"]
[Round "1.3"]
[White "Jamroz, Krzysztof"]
[Black "Ghasi, Ameet K"]
[Result "0-1"]
[BlackElo "2552"]
[WhiteElo "2044"]
[LiveChessVersion "1.4.6"]
[EventDate "2017.07.08"]
[EventType "swiss"]
[EventRounds "6"]
[EventCountry "ENG"]

1. e4 {[%clk 0:25:09]} g6 {[%clk 0:24:37]} 2. d4 {[%clk 0:25:11]} d6
{[%clk 0:24:41]} 3. f4 {[%clk 0:25:14]} Bg7 {[%clk 0:24:20]} 4. Nf3
{[%clk 0:25:17]} c5 {[%clk 0:24:23]} 5. c3 {[%clk 0:23:52]} Nf6 {[%clk 0:22:50]}
6. Bd3 {[%clk 0:23:23]} Bg4 {[%clk 0:22:03]} 7. Qa4+ {[%clk 0:22:11]} Nbd7
{[%clk 0:21:50]} 8. O-O {[%clk 0:22:08]} O-O {[%clk 0:21:49]} 9. e5
{[%clk 0:21:59]} Nd5 {[%clk 0:21:15]} 10. Be4 {[%clk 0:21:47]} N7b6
{[%clk 0:21:12]} 11. Qc2 {[%clk 0:21:42]} cxd4 {[%clk 0:20:57]} 12. cxd4
{[%clk 0:21:35]} Nb4 {[%clk 0:20:57]} 13. Qb3 {[%clk 0:20:40]} a5
{[%clk 0:16:50]} 14. a3 {[%clk 0:19:11]} Be6 {[%clk 0:16:35]} 15. Qe3
{[%clk 0:19:11]} N4d5 {[%clk 0:16:18]} 16. Qf2 {[%clk 0:18:43]} Rc8
{[%clk 0:16:10]} 17. Ng5 {[%clk 0:17:48]} Bd7 {[%clk 0:11:56]} 18. Bd2
{[%clk 0:17:25]} h6 {[%clk 0:10:48]} 19. Nf3 {[%clk 0:17:06]} Bb5
{[%clk 0:09:48]} 20. Re1 {[%clk 0:17:04]} e6 {[%clk 0:09:50]} 21. Bxa5
{[%clk 0:15:09]} Qd7 {[%clk 0:05:12]} 22. Nc3 {[%clk 0:13:01]} Bc4
{[%clk 0:05:09]} 23. Nxd5 {[%clk 0:12:38]} Nxd5 {[%clk 0:04:52]} 24. Bxd5
{[%clk 0:12:26]} Bxd5 {[%clk 0:04:44]} 25. Bb4 {[%clk 0:12:30]} Rc4
{[%clk 0:04:21]} 26. Rac1 {[%clk 0:08:37]} Rfc8 {[%clk 0:04:22]} 27. Rxc4
{[%clk 0:08:41]} Rxc4 {[%clk 0:04:26]} 28. Bxd6 {[%clk 0:08:44]} Qc6
{[%clk 0:04:13]} 29. h3 {[%clk 0:08:32]} Rc2 {[%clk 0:02:59]} 30. Re2 Rxe2
{[%clk 0:02:49]} 31. Qxe2 {[%clk 0:07:47]} Qc1+ {[%clk 0:02:53]} 32. Kh2
{[%clk 0:06:22]} Qxf4+ {[%clk 0:02:56]} 33. Kg1 {[%clk 0:06:08]} Qc1+
{[%clk 0:02:29]} 34. Kh2 {[%clk 0:06:04]} g5 {[%clk 0:02:33]} 35. Bc5
{[%clk 0:05:25]} Qf4+ {[%clk 0:02:13]} 36. Kh1 {[%clk 0:04:47]} Qf5
{[%clk 0:02:17]} 37. a4 {[%clk 0:04:01]} h5 {[%clk 0:02:19]} 38. Kg1
{[%clk 0:02:17]} Bh6 {[%clk 0:01:57]} 39. b4 {[%clk 0:02:02]} g4 {[%clk 0:01:51]}
40. hxg4 {[%clk 0:01:36]} Qxg4 {[%clk 0:01:55]} 41. Qb5 {[%clk 0:01:21]} Kg7
{[%clk 0:01:14]} 42. Kf2 {[%clk 0:00:54]} h4 {[%clk 0:01:18]} 43. Qe8
{[%clk 0:00:58]} Qg3+ {[%clk 0:01:11]} 44. Kf1 {[%clk 0:00:49]} h3
{[%clk 0:01:12]} 45. Qf8+ {[%clk 0:00:50]} Kg6 {[%clk 0:01:16]} 46. Qg8+
{[%clk 0:00:44]} Bg7 {[%clk 0:01:19]} 47. Bf8 {[%clk 0:00:42]} Bc4+
{[%clk 0:01:18]} 48. Kg1 {[%clk 0:00:45]} Qxg2# {[%clk 0:01:22]} 0-1

[Event "Kings Place Rapidplay"]
[Site "London"]
[Date "2017.07.08"]
[Round "1.5"]
[White "Harari, Zaki"]
[Black "Hebden, Mark L"]
[Result "0-1"]
[BlackElo "2494"]
[WhiteElo "2033"]
[LiveChessVersion "1.4.6"]
[EventDate "2017.07.08"]
[EventType "swiss"]
[EventRounds "6"]
[EventCountry "ENG"]

1. d4 {[%clk 0:25:03]} Nf6 {[%clk 0:25:04]} 2. c4 {[%clk 0:24:55]} g6
{[%clk 0:25:07]} 3. Nc3 {[%clk 0:24:54]} Bg7 {[%clk 0:25:11]} 4. e4
{[%clk 0:24:57]} d6 {[%clk 0:25:14]} 5. f4 {[%clk 0:25:01]} c5 {[%clk 0:25:14]}
6. d5 {[%clk 0:24:35]} O-O {[%clk 0:25:15]} 7. Nf3 {[%clk 0:24:28]} e6
{[%clk 0:25:18]} 8. Be2 {[%clk 0:24:08]} exd5 {[%clk 0:25:20]} 9. cxd5
{[%clk 0:24:11]} Bg4 {[%clk 0:25:22]} 10. h3 {[%clk 0:23:55]} Bxf3
{[%clk 0:25:23]} 11. Bxf3 {[%clk 0:23:58]} Nbd7 {[%clk 0:24:35]} 12. O-O
{[%clk 0:23:34]} Qa5 {[%clk 0:24:07]} 13. a4 {[%clk 0:21:49]} a6 {[%clk 0:23:55]}
14. Bd2 {[%clk 0:21:42]} c4 {[%clk 0:23:01]} 15. Re1 {[%clk 0:20:15]} Rfe8
{[%clk 0:21:58]} 16. Qc2 {[%clk 0:19:42]} Qc7 {[%clk 0:21:11]} 17. a5
{[%clk 0:18:28]} Nc5 {[%clk 0:21:03]} 18. Na4 {[%clk 0:13:28]} Nb3
{[%clk 0:20:35]} 19. Ra3 {[%clk 0:12:26]} Nxd2 {[%clk 0:20:27]} 20. Qxd2
{[%clk 0:12:30]} Nd7 {[%clk 0:20:23]} 21. Kh1 {[%clk 0:11:17]} b5
{[%clk 0:19:41]} 22. axb6 {[%clk 0:11:05]} Nxb6 {[%clk 0:19:44]} 23. Nc3
{[%clk 0:10:04]} Qc5 {[%clk 0:19:31]} 24. Rea1 {[%clk 0:09:25]} a5
{[%clk 0:19:31]} 25. Na4 {[%clk 0:09:12]} Nxa4 {[%clk 0:19:31]} 26. Rxa4
{[%clk 0:09:16]} c3 {[%clk 0:19:22]} 27. bxc3 {[%clk 0:07:59]} Bxc3
{[%clk 0:19:25]} 28. Qc1 {[%clk 0:07:42]} Bxa1 {[%clk 0:19:27]} 29. Qxa1
{[%clk 0:07:46]} Rac8 {[%clk 0:19:02]} 30. Rxa5 {[%clk 0:07:20]} Qe3
{[%clk 0:19:04]} 0-1

[Event "Kings Place Rapidplay"]
[Site "London"]
[Date "2017.07.08"]
[Round "2.1"]
[White "Howell, David W L"]
[Black "Player, Edmund C"]
[Result "1-0"]
[BlackElo "2163"]
[WhiteElo "2690"]
[LiveChessVersion "1.4.6"]
[EventDate "2017.07.08"]
[EventType "swiss"]
[EventRounds "6"]
[EventCountry "ENG"]

1. g3 {[%clk 0:25:05]} d5 {[%clk 0:25:03]} 2. Nf3 {[%clk 0:25:03]} c6
{[%clk 0:24:52]} 3. Bg2 {[%clk 0:25:04]} Bg4 {[%clk 0:24:35]} 4. O-O
{[%clk 0:22:01]} Nd7 {[%clk 0:24:33]} 5. h3 {[%clk 0:22:02]} Bxf3
{[%clk 0:23:22]} 6. Bxf3 {[%clk 0:21:53]} e5 {[%clk 0:23:14]} 7. d3
{[%clk 0:21:38]} Ngf6 {[%clk 0:23:14]} 8. Nd2 {[%clk 0:21:15]} Bc5
{[%clk 0:22:19]} 9. e4 {[%clk 0:20:29]} dxe4 {[%clk 0:21:58]} 10. dxe4
{[%clk 0:20:26]} O-O {[%clk 0:21:44]} 11. Qe2 {[%clk 0:20:08]} Re8
{[%clk 0:21:17]} 12. a4 {[%clk 0:18:58]} Qc7 {[%clk 0:20:27]} 13. Nb3
{[%clk 0:18:19]} Bf8 {[%clk 0:18:32]} 14. Be3 {[%clk 0:18:20]} b6
{[%clk 0:13:36]} 15. Rfd1 {[%clk 0:14:00]} a6 {[%clk 0:09:10]} 16. a5
{[%clk 0:08:18]} b5 {[%clk 0:08:56]} 17. c4 {[%clk 0:08:22]} c5 {[%clk 0:04:07]}
18. cxb5 {[%clk 0:07:27]} axb5 {[%clk 0:04:09]} 19. Qxb5 {[%clk 0:07:30]} Reb8
{[%clk 0:03:49]} 20. Qc4 {[%clk 0:06:54]} Rb4 {[%clk 0:03:41]} 21. Qc3
{[%clk 0:03:07]} c4 {[%clk 0:01:47]} 22. Nd2 {[%clk 0:03:03]} Rxa5
{[%clk 0:01:01]} 23. Rxa5 {[%clk 0:02:58]} Qxa5 {[%clk 0:01:05]} 24. Nxc4
{[%clk 0:03:00]} Qa4 {[%clk 0:00:35]} 25. Rc1 {[%clk 0:02:11]} Rb3
{[%clk 0:00:22]} 26. Bd1 {[%clk 0:01:01]} Rxc3 {[%clk 0:00:25]} 27. Bxa4
{[%clk 0:01:05]} Rxc1+ {[%clk 0:00:24]} 28. Bxc1 {[%clk 0:01:08]} Nc5
{[%clk 0:00:21]} 29. Bc2 {[%clk 0:01:10]} Ncxe4 {[%clk 0:00:15]} 30. Nxe5
{[%clk 0:01:05]} Bc5 {[%clk 0:00:17]} 31. Nd3 {[%clk 0:01:05]} Bd4
{[%clk 0:00:17]} 32. Kg2 {[%clk 0:01:08]} Kf8 {[%clk 0:00:21]} 33. Kf3
{[%clk 0:01:06]} Ke7 {[%clk 0:00:21]} 34. Nb4 {[%clk 0:00:38]} Nd6
{[%clk 0:00:21]} 35. Nc6+ {[%clk 0:00:41]} 1-0

[Event "Kings Place Rapidplay"]
[Site "London"]
[Date "2017.07.08"]
[Round "2.2"]
[White "Richardson, John R"]
[Black "McShane, Luke J"]
[Result "0-1"]
[BlackElo "2686"]
[WhiteElo "2175"]
[LiveChessVersion "1.4.6"]
[EventDate "2017.07.08"]
[EventType "swiss"]
[EventRounds "6"]
[EventCountry "ENG"]

1. d4 {[%clk 0:25:09]} Nf6 {[%clk 0:25:07]} 2. c4 {[%clk 0:25:13]} g6
{[%clk 0:25:11]} 3. g3 {[%clk 0:25:13]} Bg7 {[%clk 0:25:14]} 4. Bg2
{[%clk 0:25:17]} O-O {[%clk 0:25:16]} 5. Nc3 {[%clk 0:25:21]} Nc6
{[%clk 0:24:51]} 6. Nf3 {[%clk 0:24:54]} d6 {[%clk 0:24:17]} 7. O-O
{[%clk 0:24:55]} Rb8 {[%clk 0:24:21]} 8. b3 {[%clk 0:24:40]} a6 {[%clk 0:24:23]}
9. Nd5 {[%clk 0:24:42]} e6 {[%clk 0:24:17]} 10. Nxf6+ {[%clk 0:24:43]} Qxf6
{[%clk 0:24:20]} 11. Bg5 {[%clk 0:24:10]} Qf5 {[%clk 0:24:23]} 12. Qd2
{[%clk 0:23:59]} Qa5 {[%clk 0:22:53]} 13. Qxa5 {[%clk 0:23:11]} Nxa5
{[%clk 0:22:57]} 14. Rac1 {[%clk 0:23:09]} Bd7 {[%clk 0:22:12]} 15. e4
{[%clk 0:22:30]} Nc6 {[%clk 0:21:46]} 16. Rfd1 {[%clk 0:21:18]} a5
{[%clk 0:20:56]} 17. c5 {[%clk 0:21:08]} Rfc8 {[%clk 0:20:26]} 18. Bf4
{[%clk 0:20:26]} Bf8 {[%clk 0:19:58]} 19. d5 {[%clk 0:20:12]} exd5
{[%clk 0:19:26]} 20. exd5 {[%clk 0:20:14]} Nb4 {[%clk 0:19:18]} 21. Rd2
{[%clk 0:16:16]} dxc5 {[%clk 0:18:01]} 22. Ne5 {[%clk 0:16:15]} Be8
{[%clk 0:18:03]} 23. Bh3 {[%clk 0:15:26]} Rd8 {[%clk 0:14:33]} 24. Ng4
{[%clk 0:15:16]} Bd6 {[%clk 0:14:34]} 25. Bg5 {[%clk 0:14:59]} f5
{[%clk 0:14:38]} 26. Nh6+ {[%clk 0:12:29]} Kg7 {[%clk 0:14:40]} 27. g4
{[%clk 0:12:33]} f4 {[%clk 0:10:17]} 28. a3 {[%clk 0:09:46]} Na6 {[%clk 0:10:10]}
29. Rc4 {[%clk 0:09:50]} Bb5 {[%clk 0:07:38]} 30. Rxf4 {[%clk 0:09:03]} Bxf4
{[%clk 0:07:41]} 31. Bxf4 {[%clk 0:09:07]} Re8 {[%clk 0:07:45]} 32. Rd1
{[%clk 0:07:40]} Re4 {[%clk 0:07:23]} 33. Bd2 {[%clk 0:07:01]} Rd4
{[%clk 0:06:46]} 34. g5 {[%clk 0:06:48]} Be2 {[%clk 0:06:34]} 0-1

[Event "Kings Place Rapidplay"]
[Site "London"]
[Date "2017.07.08"]
[Round "2.3"]
[White "Ghasi, Ameet K"]
[Black "Healey, Michael W"]
[Result "1-0"]
[BlackElo "2146"]
[WhiteElo "2552"]
[LiveChessVersion "1.4.6"]
[EventDate "2017.07.08"]
[EventType "swiss"]
[EventRounds "6"]
[EventCountry "ENG"]

1. Nf3 {[%clk 0:24:50]} Nf6 {[%clk 0:25:07]} 2. g3 {[%clk 0:24:53]} b5
{[%clk 0:24:57]} 3. Bg2 {[%clk 0:24:51]} Bb7 {[%clk 0:25:01]} 4. d3
{[%clk 0:24:54]} e6 {[%clk 0:25:02]} 5. e4 {[%clk 0:24:45]} c5 {[%clk 0:24:37]}
6. O-O {[%clk 0:23:36]} d5 {[%clk 0:24:26]} 7. Nbd2 {[%clk 0:22:39]} Be7
{[%clk 0:23:56]} 8. Re1 {[%clk 0:22:03]} O-O {[%clk 0:23:45]} 9. e5
{[%clk 0:22:07]} Nfd7 {[%clk 0:23:46]} 10. h4 {[%clk 0:22:10]} Qb6
{[%clk 0:23:23]} 11. Ng5 {[%clk 0:21:10]} h6 {[%clk 0:15:39]} 12. Nh3
{[%clk 0:20:40]} f6 {[%clk 0:15:34]} 13. exf6 {[%clk 0:20:41]} Rxf6
{[%clk 0:15:25]} 14. Nf4 {[%clk 0:20:36]} Nf8 {[%clk 0:13:06]} 15. Qg4
{[%clk 0:18:20]} Bc8 {[%clk 0:12:05]} 16. Nxd5 {[%clk 0:18:08]} exd5
{[%clk 0:12:09]} 17. Qxc8 {[%clk 0:17:54]} 1-0

[Event "Kings Place Rapidplay"]
[Site "London"]
[Date "2017.07.08"]
[Round "2.4"]
[White "Eames, Robert S"]
[Black "Williams, Simon K"]
[Result "0-1"]
[BlackElo "2511"]
[WhiteElo "2161"]
[LiveChessVersion "1.4.6"]
[EventDate "2017.07.08"]
[EventType "swiss"]
[EventRounds "6"]
[EventCountry "ENG"]

1. e4 {[%clk 0:25:08]} g6 {[%clk 0:24:28]} 2. d4 {[%clk 0:25:04]} Bg7
{[%clk 0:24:28]} 3. Nf3 {[%clk 0:24:59]} d6 {[%clk 0:24:25]} 4. Bc4
{[%clk 0:24:55]} e6 {[%clk 0:24:07]} 5. Bb3 {[%clk 0:24:55]} Ne7 {[%clk 0:23:58]}
6. h4 {[%clk 0:24:44]} h6 {[%clk 0:23:58]} 7. Be3 {[%clk 0:24:23]} b6
{[%clk 0:23:25]} 8. Qd2 {[%clk 0:24:10]} Bb7 {[%clk 0:23:21]} 9. Nc3
{[%clk 0:24:09]} Nd7 {[%clk 0:23:20]} 10. a4 {[%clk 0:23:39]} a6 {[%clk 0:23:18]}
11. O-O {[%clk 0:22:49]} Nf6 {[%clk 0:23:10]} 12. d5 {[%clk 0:22:34]} exd5
{[%clk 0:22:18]} 13. exd5 {[%clk 0:22:09]} Nf5 {[%clk 0:21:56]} 14. Nd4
{[%clk 0:21:34]} Nxe3 {[%clk 0:20:28]} 15. Qxe3+ {[%clk 0:21:22]} Kf8
{[%clk 0:20:31]} 16. Rae1 {[%clk 0:20:27]} Kg8 {[%clk 0:20:01]} 17. Nc6
{[%clk 0:19:27]} Qd7 {[%clk 0:19:01]} 18. Qf3 {[%clk 0:18:52]} Re8
{[%clk 0:17:39]} 19. Ne4 {[%clk 0:17:06]} Nxe4 {[%clk 0:16:58]} 20. Rxe4
{[%clk 0:17:06]} Rxe4 {[%clk 0:15:33]} 21. Qxe4 {[%clk 0:17:01]} Kh7
{[%clk 0:15:35]} 22. Re1 {[%clk 0:16:42]} Bf6 {[%clk 0:13:22]} 23. h5
{[%clk 0:16:18]} Qf5 {[%clk 0:12:32]} 24. Qxf5 {[%clk 0:15:36]} gxf5
{[%clk 0:12:36]} 25. c3 {[%clk 0:15:31]} Bxc6 {[%clk 0:09:46]} 26. dxc6
{[%clk 0:15:29]} Kg7 {[%clk 0:09:50]} 27. Re3 {[%clk 0:14:18]} f4
{[%clk 0:08:37]} 28. Rf3 {[%clk 0:13:57]} Re8 {[%clk 0:08:34]} 29. Rxf4
{[%clk 0:13:09]} Re1+ {[%clk 0:08:35]} 0-1

[Event "Kings Place Rapidplay"]
[Site "London"]
[Date "2017.07.08"]
[Round "2.5"]
[White "Hebden, Mark L"]
[Black "Smith, Andrew Philip"]
[Result "1-0"]
[BlackElo "2136"]
[WhiteElo "2494"]
[LiveChessVersion "1.4.6"]
[EventDate "2017.07.08"]
[EventType "swiss"]
[EventRounds "6"]
[EventCountry "ENG"]

1. d4 {[%clk 0:25:06]} Nf6 {[%clk 0:25:08]} 2. Nf3 {[%clk 0:25:06]} c5
{[%clk 0:24:55]} 3. c3 {[%clk 0:25:01]} cxd4 {[%clk 0:24:35]} 4. cxd4
{[%clk 0:25:05]} g6 {[%clk 0:24:35]} 5. Nc3 {[%clk 0:25:07]} d5 {[%clk 0:24:36]}
6. Bf4 {[%clk 0:25:07]} Bg7 {[%clk 0:24:37]} 7. e3 {[%clk 0:25:03]} O-O
{[%clk 0:24:33]} 8. h3 {[%clk 0:25:05]} b6 {[%clk 0:23:32]} 9. Rc1
{[%clk 0:25:01]} Bb7 {[%clk 0:22:28]} 10. Bd3 {[%clk 0:24:23]} Nc6
{[%clk 0:20:45]} 11. O-O {[%clk 0:24:21]} e6 {[%clk 0:20:37]} 12. Ne5
{[%clk 0:24:07]} Nxe5 {[%clk 0:20:38]} 13. Bxe5 {[%clk 0:24:08]} Rc8
{[%clk 0:20:28]} 14. Qa4 {[%clk 0:24:04]} a6 {[%clk 0:19:42]} 15. Qb3
{[%clk 0:23:48]} Nd7 {[%clk 0:19:32]} 16. Bxg7 {[%clk 0:23:48]} Kxg7
{[%clk 0:19:36]} 17. a4 {[%clk 0:23:42]} Qe7 {[%clk 0:19:22]} 18. a5
{[%clk 0:22:21]} b5 {[%clk 0:18:22]} 19. Na2 {[%clk 0:22:14]} Qd6
{[%clk 0:17:45]} 20. Qb4 {[%clk 0:21:58]} Qxb4 {[%clk 0:16:58]} 21. Nxb4
{[%clk 0:22:02]} Rxc1 {[%clk 0:16:58]} 22. Rxc1 {[%clk 0:22:05]} Rc8
{[%clk 0:17:02]} 23. Rd1 {[%clk 0:20:33]} Kf8 {[%clk 0:16:55]} 24. Kf1
{[%clk 0:20:36]} Ke7 {[%clk 0:16:59]} 25. Ke2 {[%clk 0:20:40]} Kd6
{[%clk 0:17:02]} 26. Kd2 {[%clk 0:20:42]} Nb8 {[%clk 0:16:19]} 27. g4
{[%clk 0:20:42]} Nc6 {[%clk 0:14:44]} 28. Nxc6 {[%clk 0:20:44]} Rxc6
{[%clk 0:14:27]} 29. h4 {[%clk 0:20:43]} Rc8 {[%clk 0:14:20]} 30. Rh1
{[%clk 0:20:40]} Ke7 {[%clk 0:12:59]} 31. g5 {[%clk 0:20:20]} h5 {[%clk 0:12:20]}
32. gxh6 {[%clk 0:20:22]} Rh8 {[%clk 0:12:23]} 33. h5 {[%clk 0:20:18]} Rxh6
{[%clk 0:12:24]} 34. Rc1 {[%clk 0:20:21]} Kd6 {[%clk 0:12:14]} 35. hxg6
{[%clk 0:20:24]} fxg6 {[%clk 0:12:18]} 36. Rg1 {[%clk 0:20:28]} Rh2
{[%clk 0:10:40]} 37. Ke2 {[%clk 0:20:26]} Bc6 {[%clk 0:09:56]} 38. Bxg6
{[%clk 0:19:56]} Bd7 {[%clk 0:09:52]} 39. Bd3 {[%clk 0:19:48]} Rh3
{[%clk 0:09:39]} 40. Rg8 {[%clk 0:19:40]} Bc6 {[%clk 0:09:28]} 41. Rg7
{[%clk 0:19:29]} Bd7 {[%clk 0:09:29]} 42. Rg8 {[%clk 0:18:52]} Bc6
{[%clk 0:09:33]} 43. Rd8+ {[%clk 0:18:56]} Ke7 {[%clk 0:08:57]} 44. Rc8
{[%clk 0:18:13]} Kd7 {[%clk 0:08:52]} 45. Rf8 {[%clk 0:18:11]} Ke7
{[%clk 0:08:46]} 46. Rb8 {[%clk 0:17:46]} Be8 {[%clk 0:07:22]} 47. Ra8
{[%clk 0:15:28]} Bh5+ {[%clk 0:07:12]} 48. Kd2 {[%clk 0:15:01]} Rh2
{[%clk 0:06:05]} 49. Ra7+ {[%clk 0:14:29]} Kf6 {[%clk 0:05:53]} 50. Rxa6
{[%clk 0:12:23]} Rxf2+ {[%clk 0:05:56]} 51. Kc1 {[%clk 0:12:27]} Be2
{[%clk 0:04:21]} 52. Bxe2 {[%clk 0:12:10]} Rxe2 {[%clk 0:04:25]} 53. Rb6
{[%clk 0:12:14]} Rxe3 {[%clk 0:04:23]} 54. Rxb5 {[%clk 0:12:04]} Re4
{[%clk 0:03:42]} 55. a6 {[%clk 0:10:15]} Rxd4 {[%clk 0:02:55]} 56. b3
{[%clk 0:09:43]} Rh4 {[%clk 0:02:17]} 57. a7 {[%clk 0:09:36]} Rh1+
{[%clk 0:02:21]} 58. Kb2 {[%clk 0:09:41]} Rh2+ {[%clk 0:02:23]} 59. Ka3
{[%clk 0:09:45]} Rh1 {[%clk 0:02:26]} 60. Ra5 {[%clk 0:09:49]} Rh8
{[%clk 0:01:44]} 61. a8=Q {[%clk 0:09:50]} Rxa8 {[%clk 0:01:48]} 62. Rxa8
{[%clk 0:09:54]} Kf5 {[%clk 0:01:44]} 63. b4 {[%clk 0:09:52]} e5 {[%clk 0:01:42]}
64. b5 {[%clk 0:09:31]} 1-0